Score 0/32 Timer 04:00
0 Plays Today
% Correct
Capital Cities of Europe
100%
Teams in baseball's American League
99.9%
Olivia Newton-John's Feature Films
99.9%
Bones of the Arms and Legs (not feet and hands)
99.9%
English/British Monarchs after the Norman Conquest
99.9%
Actors (surnames) who played Mercury 7 astronauts in 'The Right Stuff'
99.9%
Riga...
91.1%
Angels...
88.7%
Belgrade...
86%
Grease...
84.4%
Paris...
83.7%
Mariners...
83.5%
Lisbon...
82.8%
William...
79.9%
Tibia...
79.6%
Harris...
78.1%
% Correct
Orioles...
77%
Femur...
72.7%
Elizabeth...
72%
Victoria...
72%
Chisinau...
62.5%
Yankees
60.6%
San Marino...
59.8%
Ulna
58.3%
James...
48%
Dublin
44.5%
Indians...
39.2%
Zagreb
38.1%
Xanadu
33.8%
Kyiv
32.8%
Nicosia
15.7%
Quaid
9.8%
Remove Ads.
Support Sporcle.
Get the best of Sporcle when you Go Orange. This ad-free experience offers more features, more stats, and more fun while also helping to support Sporcle. Thank you for becoming a member.

You're not logged in!

Compare scores with friends on all Sporcle quizzes.
OR
Log In

Show Comments

Extras

Top Quizzes Today


Score Distribution

Your Account Isn't Verified!

In order to create a playlist on Sporcle, you need to verify the email address you used during registration. Go to your Sporcle Settings to finish the process.

Report this User

Report this user for behavior that violates our Community Guidelines.

Details: